000 00760 a2200205 4500
020 _a0750308893
040 _aDLC
_bDLC
082 0 0 _a621.381045
100 1 _aDagli, N.
245 1 0 _aHigh-speed photonic devices
_cNadir Dagli
260 _aNew York :
_bTaylor & Francis,
_cc2007.
300 _a253 p. :
_bill. ;
_c25 cm.
490 0 _aSeries in optics and optoelectronics
650 0 _aOptoelectronic devices.
650 0 _aVery high speed integrated circuits.
830 0 _aSeries in optics and optoelectronics (CRC Press)
856 4 1 _3Table of contents only
_uhttp://www.loc.gov/catdir/toc/ecip0612/2006011669.html
856 4 1 _3Publisher description
_uhttp://www.loc.gov/catdir/enhancements/fy0665/2006011669-d.html
942 _cBK
_k621.381045 DAG
_2ddc
999 _c8028
_d8028